Countries in alphabetical order - Statistics

General Stats
  • This quiz has been taken 19 times
  • The average score is 14 of 15
Answer Stats
Hint Answer % Correct
Acdh Chad
100%
Cehil Chile
100%
Abcu Cuba
100%
Aaghn Ghana
100%
Ceeegr Greece
100%
Ailty Italy
100%
Anorwy Norway
100%
Aaqrt Qatar
100%
Acefnr France
94%
Aekny Kenya
88%
Aabiimn Namibia
88%
Airssu Russia
88%
Aadhilnt Thailand
88%
Aaeimnr Armenia
76%
Abilrz Brazil
65%
No matching quizzes found
Score Distribution
Percent of People with Each Score
Percentile by Number Answered
Your Score History
You have not taken this quiz